Sports Quiz

Random Sports or MLB Quiz
Score 0/15 Timer 08:00
2 Plays Today
Question Answer Wrong Answers
Which MLB team has the most World Series wins? ???
98.1%
???
0.3%
???
0.9%
???
0.3%
George Herman Ruth was known by what nickname? ???
97.8%
???
0.2%
???
0.3%
???
0.4%
Where have the Chicago Cubs played for over 100 years? ???
95.4%
???
0.4%
???
1.2%
???
0.5%
What is the term for a home run hit with the bases loaded? ???
90%
???
0%
???
0%
???
0%
Which of these stats is NOT included in batting's Triple Crown? ???
73.1%
???
1.6%
???
0.9%
???
2.3%
Who hit 61 home runs in 1961? ???
68.9%
???
7.6%
???
4.4%
???
5.7%
Who is the all-time pitching wins leader, with 511? ???
58.5%
???
2.8%
???
1.3%
???
2%
Which team switched from the National to the American League in 2013? ???
56%
???
1.3%
???
1.1%
???
2.5%
Which nickname was used to describe the lineup of the New York Yankees of the late 1920s? ???
52%
???
1.2%
???
0.9%
???
1.7%
In which of these cities has the Braves franchise NOT been located? ???
46.1%
???
2.9%
???
2.3%
???
0.1%
Who holds the highest career batting average, at .366? ???
39.7%
???
2.4%
???
0.5%
???
9.7%
Which of these pitchers does NOT have at least 4,000 career strikeouts? ???
39.5%
???
0.3%
???
0.9%
???
3.3%
What city was home to the first MLB expansion team located outside the United States? ???
38.2%
???
7.6%
???
0.4%
???
0.2%
Who is the only player since 1900 to steal over 125 bases in a season? ???
22.1%
???
2%
???
2.1%
???
1.3%
With 191, who holds the single-season RBI record? ???
15.4%
???
1.8%
???
2.3%
???
2.5%

You're not logged in!

Compare scores with friends on all Sporcle quizzes.
OR
Log In

Sporcle TV

Today on Sporcle TV


Watch our educational content, quiz creation guides, and fun videos on Sporcle TV.

Show Comments

Extras

Top Quizzes Today


Score Distribution

Paid Content

Your Account Isn't Verified!

In order to create a playlist on Sporcle, you need to verify the email address you used during registration. Go to your Sporcle Settings to finish the process.

Report this User

Report this user for behavior that violates our Community Guidelines.

Details: